00958nam a2200253Ia 4500008004100000020001700041040001400058082002000072100002000092245006800112260003300180300001700213365002600230366000800256505002200264530003000286620005800316630006800374650003200442730006800474942000900542999001900551952013400570100315s9999 xx 000 0 und d a8176492728  cENGLISH  b8171 a658.3  a"Sharma, V.K. " aHuman Resource Management : Evaluation and the Challenges Ahead aNEW DELHI bVIVA  c2002  a"xii,142  " eRupees d1 b0.00  f0  gVaibhav Gaikwad  bDonated By RBI Library   a"Human Resource Management, Performance Management " aHuman Resource Management : Evaluation and the Challenges Ahead aHUMAN RESOURCE MANAGEMENT  aHuman Resource Management : Evaluation and the Challenges Ahead cBOOK c482906d482903 00104070aVPMBRIMSbVPMBRIMSd2009-05-08g0.00l0o658.3 /SHA  8171 pVPMBRIMS-8171 r2010-03-19 00:00:00w2010-03-19yBOOK